[Event "Mid Bohemia Region-chT 2223"]
[Site "Czech Republic"]
[Date "2023.02.12"]
[Round "8.6"]
[White "Novak, Vitezslav"]
[Black "Smejkal, Josef"]
[Result "0-1"]
[WhiteElo "1978"]
[BlackElo "1792"]
[PlyCount "62"]
[EventDate "2022.10.09"]
[EventType "team-tourn"]
[EventRounds "11"]
[EventCountry "CZE"]
[SourceTitle "EXT 2024"]
[Source "ChessBase"]
[SourceDate "2023.10.10"]
[SourceVersion "1"]
[SourceVersionDate "2023.10.10"]
[SourceQuality "1"]
[WhiteTeam "Kralupy nad Vltavou"]
[BlackTeam "Mlada Boleslav Skoda"]
[WhiteTeamCountry "CZE"]
[BlackTeamCountry "CZE"]

1. e4 c5 2. c3 e6 3. f4 d5 4. e5 f5 5. Nf3 Nc6 6. d3 Be7 7. Na3 Nh6 8. Nc2 Ng4 9. Qe2 a6 10. Be3 Nxe3 11. Nxe3 Qa5 12. Kf2 b5 13. d4 0-0 14. Qd2 Qb6 15. Be2 h6 16. h4 Bb7 17. Rag1 cxd4 18. cxd4 Rac8 19. h5 Bb4 20. Qd3 Be7 21. g4 fxg4 22. Rxg4 Rf7 23. Qg6 Nxd4 24. Nxd4 Qxd4 25. Qxe6 Bc5 26. Rh3 Rcf8 27. f5 Bc8 28. Qxf7+ Rxf7 29. Rxd4 Bxd4 30. Bf3 Rxf5 31. Ke2 Rxe5 0-1

[Event "Mid Bohemia Region-chT 2223"]
[Site "Czech Republic"]
[Date "2022.10.09"]
[Round "1.6"]
[White "Smejkal, Josef"]
[Black "Cuvala, Tibor"]
[Result "1-0"]
[WhiteElo "1792"]
[BlackElo "1644"]
[PlyCount "61"]
[EventDate "2022.10.09"]
[EventType "team-tourn"]
[EventRounds "11"]
[EventCountry "CZE"]
[SourceTitle "EXT 2024"]
[Source "ChessBase"]
[SourceDate "2023.10.10"]
[SourceVersion "1"]
[SourceVersionDate "2023.10.10"]
[SourceQuality "1"]
[WhiteTeam "Mlada Boleslav Skoda"]
[BlackTeam "Zdice"]
[WhiteTeamCountry "CZE"]
[BlackTeamCountry "CZE"]

1. e4 d6 2. d4 Nf6 3. Nc3 g6 4. Be3 c6 5. f3 Qa5 6. Qd2 Nbd7 7. Bc4 b5 8. Bb3 Ba6 9. Nh3 h6 10. 0-0 Bg7 11. a3 Rc8 12. Nf2 Qc7 13. Ng4 h5 14. Nxf6+ Nxf6 15. Rad1 0-0 16. Ne2 Rfd8 17. Nf4 c5 18. Ne2 Rb8 19. Rfe1 Nd7 20. Ba2 c4 21. c3 e5 22. Bb1 Bc8 23. h3 Re8 24. f4 f6 25. dxe5 dxe5 26. Qd5+ Kh7 27. f5 gxf5 28. Qf7 Rh8 29. exf5 Qc6 30. Ng3 Nf8 31. Be4 1-0

[Event "Czechia KP-chTA 0607"]
[Site "Czech Republic"]
[Date "2006.12.10"]
[Round "4.5"]
[White "Bilek, Roman"]
[Black "Smejkal, Josef"]
[Result "0-1"]
[WhiteElo "2080"]
[BlackElo "1892"]
[PlyCount "66"]
[EventDate "2006.10.29"]
[EventType "team-tourn"]
[EventRounds "11"]
[EventCountry "CZE"]
[SourceTitle "EXT 2008"]
[Source "ChessBase"]
[SourceDate "2007.11.25"]
[SourceVersion "1"]
[SourceVersionDate "2007.11.25"]
[SourceQuality "1"]
[WhiteTeam "Uholicky"]
[BlackTeam "AS MB"]
[WhiteTeamCountry "CZE"]
[BlackTeamCountry "CZE"]

1. d4 d5 2. c4 c6 3. Nf3 Nf6 4. e3 e6 5. Nc3 Bd6 6. Bd3 Nbd7 7. 0-0 0-0 8. e4 dxc4 9. Bxc4 e5 10. Bg5 Qe7 11. Re1 exd4 12. Qxd4 Ne5 13. Nxe5 Bxe5 14. Qe3 Qb4 15. Bb3 Ng4 16. Qd2 Bxh2+ 17. Kh1 Bc7 18. f3 Ne5 19. Rad1 Be6 20. Bxe6 fxe6 21. Qc2 h6 22. a3 Qc5 23. Be3 Qe7 24. Bf2 Qg5 25. Qb3 Qh5+ 26. Kg1 Nxf3+ 27. gxf3 Qh3 28. Re2 Bh2+ 29. Kh1 Rf6 30. Qxb7 Bf4+ 31. Kg1 Rg6+ 32. Bg3 Rxg3+ 33. Kf2 Rg2+ 0-1

[Event "Czechia KP-chTA 0607"]
[Site "Czech Republic"]
[Date "2006.11.26"]
[Round "3.6"]
[White "Hanibal, Kamil"]
[Black "Smejkal, Josef"]
[Result "1-0"]
[WhiteElo "1935"]
[BlackElo "1892"]
[PlyCount "80"]
[EventDate "2006.10.29"]
[EventType "team-tourn"]
[EventRounds "11"]
[EventCountry "CZE"]
[SourceTitle "EXT 2008"]
[Source "ChessBase"]
[SourceDate "2007.11.25"]
[SourceVersion "1"]
[SourceVersionDate "2007.11.25"]
[SourceQuality "1"]
[WhiteTeam "Emerge MB B"]
[BlackTeam "AS MB"]
[WhiteTeamCountry "CZE"]
[BlackTeamCountry "CZE"]

1. e4 c5 2. c3 Nc6 3. d4 cxd4 4. cxd4 e5 5. dxe5 Nxe5 6. f4 Nc6 7. Be3 d6 8. Nc3 Nf6 9. Be2 Be7 10. Nf3 0-0 11. Nd4 Re8 12. Bf3 Bf8 13. 0-0 Nd7 14. Qd2 Nb6 15. b3 Be7 16. Rad1 a6 17. Rfe1 Nxd4 18. Qxd4 Nd7 19. Nd5 Nf6 20. Nxe7+ Rxe7 21. e5 Ne8 22. exd6 Rd7 23. Qe5 Kf8 24. Bc5 Nf6 25. Re3 b6 26. Qe7+ Qxe7 27. dxe7+ Ke8 28. Bd6 Bb7 29. Kf2 Rc8 30. Bxb7 Rxb7 31. Kf3 Rd7 32. Red3 Ng8 33. Ba3 Rxd3+ 34. Rxd3 Nxe7 35. Re3 Rc7 36. f5 Kd8 37. Rd3+ Kc8 38. Bd6 Rd7 39. g4 g6 40. f6 Nc6 1-0

[Event "CZE-chT3A Middle 0506  "]
[Site "Czech Republic"]
[Date "2006.03.19"]
[Round "10.5"]
[White "Smejkal, Josef"]
[Black "Rigo, Imrich"]
[Result "0-1"]
[WhiteElo "1782"]
[BlackElo "1993"]
[PlyCount "116"]
[EventDate "2005.10.30"]
[EventType "team-tourn"]
[EventRounds "11"]
[EventCountry "CZE"]
[SourceTitle "EXT 2009"]
[Source "ChessBase"]
[SourceDate "2008.11.26"]
[SourceVersion "1"]
[SourceVersionDate "2008.11.26"]
[SourceQuality "1"]

1. e4 c5 2. Nf3 Nc6 3. d4 cxd4 4. Nxd4 Qb6 5. Nb3 Nf6 6. Nc3 e6 7. Be3 Qc7 8. Nb5 Qb8 9. f3 d6 10. Qd2 a6 11. Nc3 Be7 12. 0-0-0 0-0 13. g4 b5 14. g5 Nd7 15. h4 Nb6 16. h5 Ne5 17. Qf2 Nec4 18. f4 Na4 19. Nxa4 Nxe3 20. Qxe3 bxa4 21. Nd4 Qb6 22. Qd3 Rb8 23. b3 axb3 24. cxb3 e5 25. Nf3 exf4 26. Rd2 Bg4 27. Rg2 Qc5+ 28. Kb1 Bxf3 29. Qxf3 Rbc8 30. Bxa6 Ra8 31. Bc4 Rab8 32. Rc1 Qe5 33. Rcg1 Rfc8 34. Qd3 Rb4 35. Kc2 d5 36. Qxd5 Rcxc4+ 37. bxc4 Qb2+ 38. Kd1 Qa1+ 39. Ke2 Qxa2+ 40. Kf3 Qa7 41. Kxf4 Qc7+ 42. Kf3 Rxc4 43. Rd1 Rc5 44. Qa8+ Bf8 45. Rd8 Rc3+ 46. Kg4 Qe7 47. Rgd2 Ra3 48. Qc6 h6 49. gxh6 gxh6 50. Qxh6 Qxe4+ 51. Qf4 Qe6+ 52. Qf5 Rg3+ 53. Kxg3 Qxf5 54. Kh4 Qf4+ 55. Kh3 Qf3+ 56. Kh2 Qxh5+ 57. Kg1 Qc5+ 58. Kf1 f6 0-1

[Event "CZE-chT3A Middle 0506  "]
[Site "Czech Republic"]
[Date "2006.03.05"]
[Round "9.6"]
[White "Smejkal, Josef"]
[Black "Svitek, Miroslav"]
[Result "0-1"]
[WhiteElo "1782"]
[BlackElo "1918"]
[PlyCount "118"]
[EventDate "2005.10.30"]
[EventType "team-tourn"]
[EventRounds "11"]
[EventCountry "CZE"]
[SourceTitle "EXT 2009"]
[Source "ChessBase"]
[SourceDate "2008.11.26"]
[SourceVersion "1"]
[SourceVersionDate "2008.11.26"]
[SourceQuality "1"]

1. e4 c6 2. d4 d5 3. e5 Bf5 4. Nf3 e6 5. Bd3 Bxd3 6. Qxd3 Qb6 7. 0-0 c5 8. c3 Nc6 9. a3 c4 10. Qc2 Nge7 11. h3 a5 12. a4 Na7 13. Nbd2 Qc6 14. b4 cxb3 15. Nxb3 Nac8 16. Ng5 h6 17. Nh7 Ng6 18. Nxf8 Nxf8 19. f4 g6 20. Ba3 Nd7 21. g4 Ne7 22. Rf3 Nb6 23. Bxe7 Kxe7 24. Qc1 Nc4 25. Nd2 h5 26. Nxc4 dxc4 27. Qa3+ Kd7 28. Qd6+ Qxd6 29. exd6 Kxd6 30. f5 hxg4 31. hxg4 Rh4 32. Rg3 gxf5 33. gxf5 exf5 34. Rf1 Ke6 35. Rb1 Rb8 36. Rb6+ Ke7 37. Rb5 f4 38. Rgg5 b6 39. Kg2 f6 40. Rg7+ Kd6 41. Kf3 Rh3+ 42. Kxf4 Rxc3 43. Rf7 Ke6 44. Rc7 Kd6 45. Rf7 Ke6 46. Rc7 Rc1 47. Rc6+ Kd7 48. Rbxb6 Rxb6 49. Rxb6 Rd1 50. d5 Rxd5 51. Ke4 Rd6 52. Rb1 c3 53. Rc1 Rc6 54. Kd3 c2 55. Kd4 Kd6 56. Ke4 Rc5 57. Kd4 f5 58. Ke3 Rc4 59. Kf3 Kc5 0-1

[Event "CZE-chT3A Middle 0506  "]
[Site "Czech Republic"]
[Date "2005.10.30"]
[Round "1.6"]
[White "Jargoyhen, Roger"]
[Black "Smejkal, Josef"]
[Result "1-0"]
[WhiteElo "1808"]
[BlackElo "1782"]
[PlyCount "69"]
[EventDate "2005.10.30"]
[EventType "team-tourn"]
[EventRounds "11"]
[EventCountry "CZE"]
[SourceTitle "EXT 2009"]
[Source "ChessBase"]
[SourceDate "2008.11.26"]
[SourceVersion "1"]
[SourceVersionDate "2008.11.26"]
[SourceQuality "1"]

1. d4 d5 2. c4 c6 3. Nf3 Bf5 4. Nc3 Nf6 5. e3 e6 6. Bd2 Nbd7 7. Be2 Bd6 8. 0-0 Qc7 9. Rc1 dxc4 10. Bxc4 Ne4 11. Bb3 Nxc3 12. Bxc3 Be4 13. g3 0-0 14. Ng5 Nf6 15. Re1 h6 16. Nxe4 Nxe4 17. Qf3 Ng5 18. Qg2 Qe7 19. f4 Nh7 20. e4 Rac8 21. Kh1 Rfd8 22. d5 e5 23. dxc6 bxc6 24. Red1 Nf6 25. Rxd6 Rxd6 26. fxe5 Nxe4 27. exd6 Nxd6 28. Qf3 c5 29. Re1 Qd7 30. Qd5 c4 31. Bc2 Qc7 32. Rd1 Ne8 33. Qe4 g6 34. Qd4 f6 35. Bxg6 1-0